Realizácia agrárnej a potravinovej politiky na Slovensku v predvstupovom období za roky 2000-2002
Dotačná podpora agropotravinárstva, dotácie do poľnohospodárskej prvovýroby, výdavky štátnych rezortných fondov. Priame platby v RV a ŽV. Celková podpora kapitálových vstupov, prevádzkové vstupy, podpora všeobecných služieb. Podpora rozvoja vidieka.
Salvato in:
| Autore principale: | |
|---|---|
| Natura: | Capitolo di libro |
| Lingua: | slovacco |
| Soggetti: | |
| Tags: |
Nessun Tag, puoi essere il primo ad aggiungerne!!
|
MARC
| LEADER | 00000naa$a2200000$$$4500 | ||
|---|---|---|---|
| 001 | 0004038 | ||
| 005 | 20231004074646.6 | ||
| 041 | 0 | |a slo | |
| 044 | |a SK | ||
| 245 | 1 | 0 | |a Realizácia agrárnej a potravinovej politiky na Slovensku v predvstupovom období za roky 2000-2002 |c aut. Helena Solíková |
| 520 | |a Dotačná podpora agropotravinárstva, dotácie do poľnohospodárskej prvovýroby, výdavky štátnych rezortných fondov. Priame platby v RV a ŽV. Celková podpora kapitálových vstupov, prevádzkové vstupy, podpora všeobecných služieb. Podpora rozvoja vidieka. | ||
| 610 | 2 | 0 | |a dotácie |
| 610 | 2 | 0 | |a fondy finančné |
| 610 | 2 | 0 | |a podpory |
| 610 | 2 | 0 | |a politika poľnohospodárska |
| 610 | 2 | 0 | |a Slovensko |
| 610 | 2 | 0 | |a 2000-2002 |
| 100 | 1 | |a Solíková, Helena | |